000 01858nam a22002657a 4500
003 Uzh_bibl
005 20260430113019.0
008 241118b |||||||| |||| 00| 0 ukr d
020 _a978-966-03-7218-4
_c20.00
040 _bукр.
041 _2ukr
_aukr
080 _a94(477)
090 _a94(477)
_bС65
100 _aСорока, Юрій
245 _aБій під Крутами.
_hТекст
_cхудож.-оформ.О.Д.Кононученко
260 _aХарків
_bФоліо
_c2015
300 _a63 с.
_fВ опр.
520 _a9 січня 1918 року поблизу селища Крути на відстані 130 км від Києва відбувся жорстокий, нерівний бій між чотиритисячним військом більшовиків та трьомастами українськими юнкерами, студентами і гімназистами, що обороняли підступи до Києва. Більшість юнаків не мали ніякої військової підготовки, були погано озброєні, але стояли на смерть, захищаючи свободу молодої Української держави. Українці відбили кілька атак, під час яких зазнали значних втрат. Цей бій набув особливого значення у свідомості багатьох завдяки героїзму української молоді.
521 _aДля широкого кола читачів.
546 _aукр.
650 _aНауково-популярне видання
653 _aБій
_aГероїзм
_aУкраїнська держава
655 _aІсторична література.
942 _2udc
_cBK
999 _c17577
_d17577